000 00871cam a2200241 i 4500
005 20251108172724.0
008 250721s1995 sy gr 000 0 ara d
041 1 _aara
_hfre
_hger
082 1 4 _a146
_bه ب ر
100 1 _aهبرماس
_eمؤلف.
240 1 0 _ader philosophische diskurs der modern.
245 1 2 _aالقول الفلسفي للحداثة /
_cهبرماس ؛ ترجمة د. فاطمة الجيوشي.
264 1 _aدمشق :
_bوزارة الثقافة السورية،
_c1995.
300 _a450 صفحة.
490 1 _aدراسات فلسفية ؛
_vرقم 17.
650 1 7 _aالمدارس الفلسفية.
650 1 7 _aالمادية.
650 1 7 _aالتغير الإجتماعي.
700 1 _aالجيوشي، فاطمة
_eمترجم.
830 0 _aدراسات فلسفية.
942 _2ddc
_cBK
999 _c86843
_d86843